000 00264nam a22001217a 4500
008 181023b xxu||||| |||| 00| 0 eng d
041 _aeng
080 _211 ED
_a510
100 _a37
101 _aMAT
245 _aMathematical Ideas
_cJohny.p
942 _2udc
_cBK
999 _c50752
_d50752